Departamentos del Segundo Imperio Mexicano en 1865 en un Mapa - Estadísticas

Estadísticas generales
  • Esta prueba ha sido intentada 9 veces
  • La puntuación promedio es 19 de 50
Respuestas en el mapa
Las respuestas están codificadas por una escala verde-roja en el mapa de la prueba según el % correcto abajo.
 
Estadísticas de respuestas
#
Departamentos
% Correcto
I Yucatán
100%
V Chiapas
86%
XLIX Chihuahua
86%
XXXVIII Coahuila
86%
XLII Durango
86%
XXXVII Nuevo León
86%
VII Oaxaca
86%
XII Puebla
86%
X Veracruz
86%
XXIX Guanajuato
71%
XLI Sinaloa
71%
XLV Sonora
71%
XXX Aguascalientes
57%
L California
57%
XX Guerrero
57%
XXVI Jalisco
57%
XXII Michoacán
57%
XXVIII Nayarit
57%
XXXIII Potosí
57%
XIX Querétaro
57%
IV Tabasco
57%
XXXV Tamaulipas
57%
XIII Tlaxcala
57%
XXXI Zacatecas
57%
II Campeche
43%
XXV Colima
43%
XVII Toluca
29%
XXI Acapulco
14%
XLVI Arizona
14%
III La Laguna
14%
XL Mazatlán
14%
VI Tehuantepec
14%
XVI Tula
14%
XI Tuxpan
14%
XIV Valle de México
14%
XLIV Álamos
0%
XXVII Autlán
0%
XLVIII Batopilas
0%
XXIV Coalcomán
0%
VIII Ejutla
0%
XXXII Fresnillo
0%
XLVII Huejuquilla
0%
XVIII Iturbide
0%
XXXIX Mapimí
0%
XXXVI Matamoros
0%
XXXIV Matehuala
0%
XLIII Nazas
0%
XXIII Tancítaro
0%
IX Teposcolula
0%
XV Tulancingo
0%
No se encontraron pruebas coincidentes
Distribución de puntuación
Porcentaje de gente con cada puntuación
Porcentaje por número respondido
Historial de tus puntuaciones
No has intentado esta prueba.